<?xml version="1.0" encoding="UTF-8"?>
<record
    xmlns:xsi="http://www.w3.org/2001/XMLSchema-instance"
    xsi:schemaLocation="http://www.loc.gov/MARC21/slim http://www.loc.gov/standards/marcxml/schema/MARC21slim.xsd"
    xmlns="http://www.loc.gov/MARC21/slim">

  <leader>01425nab a2200265 i 4500</leader>
  <controlfield tag="003">DO-SdBNP</controlfield>
  <controlfield tag="005">20250603102927.0</controlfield>
  <controlfield tag="007">ta</controlfield>
  <controlfield tag="008">250603e1992    dr bn|p|r||||||0| |0spa d</controlfield>
  <datafield tag="040" ind1=" " ind2=" ">
    <subfield code="a">DO-SdBNP</subfield>
    <subfield code="b">spa</subfield>
    <subfield code="c">BNPHU</subfield>
    <subfield code="e">rda</subfield>
  </datafield>
  <datafield tag="041" ind1=" " ind2=" ">
    <subfield code="h">spa</subfield>
  </datafield>
  <datafield tag="110" ind1=" " ind2=" ">
    <subfield code="a">Rep&#xFA;blica Dominicana. Direcci&#xF3;n General de Bellas Artes</subfield>
    <subfield code="9">87962</subfield>
  </datafield>
  <datafield tag="245" ind1=" " ind2=" ">
    <subfield code="a">El d&#xED;a del m&#xFA;sico /</subfield>
    <subfield code="c">Direcci&#xF3;n General de Bellas Artes.</subfield>
  </datafield>
  <datafield tag="264" ind1=" " ind2=" ">
    <subfield code="a">Santo Domingo, Rep&#xFA;blica Dominicana : </subfield>
    <subfield code="b">Direcci&#xF3;n General de Bellas Artes, </subfield>
    <subfield code="c">1992.</subfield>
  </datafield>
  <datafield tag="300" ind1=" " ind2=" ">
    <subfield code="a">&#xFA;ltima p&#xE1;gina : </subfield>
    <subfield code="b">ilustraciones, fotograf&#xED;as ; </subfield>
    <subfield code="c">28 cm. </subfield>
  </datafield>
  <datafield tag="310" ind1=" " ind2=" ">
    <subfield code="a">Bimestral.</subfield>
  </datafield>
  <datafield tag="336" ind1=" " ind2=" ">
    <subfield code="a">texto</subfield>
    <subfield code="b">txt</subfield>
    <subfield code="2">rdacontent</subfield>
  </datafield>
  <datafield tag="337" ind1=" " ind2=" ">
    <subfield code="a">sin mediaci&#xF3;n </subfield>
    <subfield code="b">n</subfield>
    <subfield code="2">rdamedia</subfield>
  </datafield>
  <datafield tag="338" ind1=" " ind2=" ">
    <subfield code="a">volumen</subfield>
    <subfield code="b">nc</subfield>
    <subfield code="2">rdacarrier</subfield>
  </datafield>
  <datafield tag="362" ind1=" " ind2=" ">
    <subfield code="a">A&#xF1;o 2. No. 6 (septiembre-octubre, 1992).</subfield>
  </datafield>
  <datafield tag="521" ind1=" " ind2=" ">
    <subfield code="a">22 de noviembre. El d&#xED;a del m&#xFA;sico: es el d&#xED;a del pueblo dominicano, que ama, siente, vive la m&#xFA;sica. Es tambi&#xE9;n el d&#xED;a m&#xE1;s oportuno para que felicitemos con orgullo tanto a la m&#xFA;sica de la Orquesta Sinf&#xF3;nica Nacional y de conjuntos de C&#xE1;mara como a los m&#xFA;sicos de las orquestas y agrupaciones populares. Dedicamos, en este D&#xED;a, un pensamiento especial a los maestros de m&#xFA;sica, porque ellos aseguran el porvenir musical del pa&#xED;s.   </subfield>
  </datafield>
  <datafield tag="650" ind1=" " ind2="0">
    <subfield code="a">M&#xFA;sicos</subfield>
    <subfield code="9">45195</subfield>
    <subfield code="v">Publicaciones peri&#xF3;dicas</subfield>
    <subfield code="z">Rep&#xFA;blica Dominicana</subfield>
  </datafield>
  <datafield tag="773" ind1="0" ind2=" ">
    <subfield code="0">36604</subfield>
    <subfield code="9">324462</subfield>
    <subfield code="o">2025-4776</subfield>
    <subfield code="t">Auditorium.</subfield>
    <subfield code="w">(DO-SdBNP)000037114</subfield>
  </datafield>
  <datafield tag="942" ind1=" " ind2=" ">
    <subfield code="2">ddc</subfield>
    <subfield code="c">ISSUE</subfield>
  </datafield>
  <datafield tag="999" ind1=" " ind2=" ">
    <subfield code="c">59126</subfield>
    <subfield code="d">59126</subfield>
  </datafield>
</record>
